000
00275nam a2200097Ia 4500
001
1251446
005
20251031150915.0
008
251031s9999 xx 000 0 und d
245
0
_c
DAVİDE CALİ
_a
J-1 OKULA GELİRKEN ÇOK KOMİK ŞEYLER OLDU
260
_b
GÜNIŞIĞI YAYINLARI
999
_c
1251446
_d
1251446